La profesionalización del docente: perfeccionamiento, investigación en el aula, análisis de la práctica
Spremljeno u:
| Glavni autor: | |
|---|---|
| Format: | Knjiga |
| Jezik: | španjolski |
| Izdano: |
Madrid
Siglo XXI
1999
|
| Izdanje: | 3a. ed |
| Serija: | Manuales. Educación
|
| Teme: | |
| Oznake: |
Dodaj oznaku
Bez oznaka, Budi prvi tko označuje ovaj zapis!
|
MARC
| LEADER | 00000nam a2200000 a 4500 | ||
|---|---|---|---|
| 001 | UCN2046 | ||
| 003 | CL-VaPUC | ||
| 008 | 010511e19990000SP |||||||||||||||||spa|d | ||
| 082 | 0 | 4 | |a 370.71 |b FER |2 21 |
| 100 | 0 | |a Fernández Pérez, Miguel |e author |9 457594 | |
| 245 | 1 | 3 | |a La profesionalización del docente: perfeccionamiento, investigación en el aula, análisis de la práctica |
| 250 | |a 3a. ed | ||
| 300 | |a 243 p | ||
| 942 | |c BK | ||
| 945 | |d 20010511 00:00:00 |a vberengu | ||
| 260 | |a Madrid |b Siglo XXI |c 1999 | ||
| 650 | 0 | |a Formación de docentes |9 329378 | |
| 650 | 7 | |a FORMACION DE DOCENTES EN EJERCICIO |2 CL-VaPUC |9 457595 | |
| 650 | 7 | |a FORMACION DE PROFESIONALES |2 CL-VaPUC |9 382872 | |
| 650 | 7 | |a CAPACITACION DEL PERSONAL DE EDUCACION |2 CL-VaPUC |9 335008 | |
| 650 | 0 | |a Calidad de la educación |9 307271 | |
| 583 | |a last modification |c 20010511 00:00:00 |k Rodrigo Vera | ||
| 490 | 0 | |a Manuales. Educación | |
| 999 | |c 295206 |d 295204 | ||
| 952 | |0 0 |1 0 |4 0 |6 370_710000000000000_FER_1999 |7 0 |8 A |9 348140 |a BIBEDU |b BIBEDU |c ES_NOD |d 2019-11-20 |i 3721213 |o 370.71 FER 1999 |p 3721213 |r 2023-08-09 |w 2019-11-20 |y BK |k EPE | ||